000 01265cam a22003497a 4500
003 CHAP
005 20220329141228.0
008 971010s1978 r 00010 d
010 _a64753
011 _a65725
035 _a73017
040 _cCHAP
090 _aTesis
100 0 0 _aMoreno Ramos, Oscar Humberto.
_978687
245 1 3 _aLa posibilidad de conocer la tecnología de producción agrícola de genotipos de trigo, sin la experimentación recurrente normalmente necesaria
260 _aChapingo, Méx. :
_bEl autor,
_c1978
300 _a148 h.
_b; gráfs.
502 _aTesis (Doctor en Ciencias Esp. en Suelos) -- SARH. Colegio de Postgraduados. Rama de Suelos
590 _aALEPH
_b10
_c20130110
_lUCH01
_h1354
590 _aBATCH-UPD
_b10
_c20130110
_lUCH01
_h1413
590 _aBATCH-UPD
_b10
_c20130410
_lUCH01
_h0858
590 _aBATCH-UPD
_b10
_c20130914
_lUCH01
_h1831
590 _aCONVERSION
_b10
_c20130109
_lUCH01
_h1335
650 1 4 _aTrigo
_xGenética.
_9115030
650 1 4 _aTrigo
_xRendimiento.
_9115092
901 _aBK
942 _cFOLL
949 _bBC
_cTES
_d-148252
_eTS1
_i73017
_si
949 _bBC
_cTES
_d-148253
_eTS2
_fc.2
_i73017
_si
949 _bBC
_cTES
_d-148254
_eTS2
_fc.3
_i73017
_si
949 _bCR
_cTESBD
_d-5774
_eTS1
_h66
_i73017
_si
999 _c64753
_d64753